000 00372nam a2200169Ia 4500
005 20251020182611.0
008 200515s9999 xx 000 0 und d
082 _aSC/659.22(058.7)/P45
110 _aCOFIDE
245 0 _aRegistro de consultores
260 _aLima
260 _c1982
300 _a230
650 _aCONSULTORES
650 _aPUB COFIDE
942 _cLIB
999 _c3351
_d3351